| 000 | 00528nam a2200181Ia 4500 | ||
|---|---|---|---|
| 008 | 240925s9999 xx 000 0 und d | ||
| 020 | _a9789332569713 | ||
| 082 | _a005.133 DON | ||
| 100 | _aDonovan, Alan A. A.; Kernighan, Brian W. | ||
| 245 | 4 | _aThe Go Programming Language | |
| 250 | _aNA | ||
| 260 |
_aNew Delhi: _bPearson Education _c,2016. |
||
| 300 |
_aVarious pages _b0 _fOriginal |
||
| 500 | _aIncludes Index | ||
| 600 | _aComputer Science | ||
| 650 | _aComputer science, information & general works | ||
| 942 | _cBK | ||
| 999 |
_c13911 _d13911 |
||